000 00576nmm a2200217 a 4500
003 AR-BaBNM
005 20251128204657.0
008 068019s1976 ||||||||||||||000 | spa||
040 _cAR-BaBNM
110 1 _aArgentina
240 1 0 _aLeyes de sociedades comerciales
245 1 0 _aLeyes de consulta en el comercio y la industria
260 _aBuenos Aires
_bBregna
_c1976
300 0 _a334 p.
650 4 _aSOCIEDADES COMERCIALES
650 4 _aLEGISLACION ECONOMICA
650 4 _aLEGISLACION ARGENTINA
650 4 _aDERECHO COMERCIAL
942 _cBK
998 _cCARMEN
999 _c8366
_d8366